000 00408nam a2200169Ia 4500
008 230524s9999 xx 000 0 und d
020 _a9781259006197
082 _a621.43
_bGAN
100 _a"Ganesan, V"
245 0 _a"Internal Combustion Engine,"
250 _a4
260 _aNew Delhi
_bTMH
_c2013
300 _axxxvi;730 p.
500 _aQuantity Number: 102
650 _aMechanics
942 _cBK
999 _c52518
_d52518